[Event "South America-ch U16 12th"]
[Site "Santa Cruz"]
[Date "2015.12.06"]
[Round "7"]
[White "Kimelman, Gabriel"]
[Black "Chumo, Emanuel"]
[Result "1-0"]
[WhiteElo "2103"]
[BlackElo "1763"]
[PlyCount "56"]
[EventDate "2015.12.02"]
[EventType "swiss"]
[EventRounds "9"]
[EventCountry "BOL"]
[SourceTitle "CBM 170 Extra"]
[Source "ChessBase"]
[SourceDate "2016.02.25"]
[SourceVersion "1"]
[SourceVersionDate "2016.02.25"]
[SourceQuality "1"]

1. c4 c5 2. Nc3 Nc6 3. g3 g6 4. Bg2 Bg7 5. Nf3 Nf6 6. d4 cxd4 7. Nxd4 0-0 8. 0-0 Rb8 9. c5 Ne8 10. Be3 Nc7 11. Rc1 Nxd4 12. Bxd4 Bh6 13. f4 f6 14. Qb3+ Kh8 15. Rfd1 Qe8 16. e4 e5 17. Be3 Qe6 18. Qa3 Ra8 19. Nd5 Nxd5 20. exd5 Qe7 21. fxe5 Bxe3+ 22. Qxe3 d6 23. e6 Qc7 24. cxd6 Qxd6 25. Qc5 Qxc5+ 26. Rxc5 b6 27. Rc7 Ba6 28. d6 Bb5 1-0